|
|
|
|
| LEADER |
00859nam a22002412a 4500 |
| 001 |
000696956 |
| 003 |
CZ BrMZK |
| 005 |
20211101093108.0 |
| 007 |
ta |
| 008 |
010907s1978 xr d cze d |
| 015 |
|
|
|a cnb000418229
|
| 040 |
|
|
|a BOA001
|b cze
|
| 100 |
1 |
|
|a Fischer, Václav,
|d 1926-2013
|7 jk01031296
|4 aut
|
| 245 |
1 |
0 |
|a Se sluníčkem u vody /
|c Václav Fischer ; il. Jan Karpaš
|
| 250 |
|
|
|a 1. vyd.
|
| 260 |
|
|
|a Praha :
|b Středočeské nakladatelství a knihkupectví,
|c 1978
|
| 300 |
|
|
|a 77 s.
|
| 700 |
1 |
|
|a Karpaš, Jan,
|d 1913-1984
|7 xx0021588
|4 ill
|
| 910 |
|
|
|a BOA001
|b 3-0801.084
|b PK-0084.721
|
| 990 |
|
|
|a BK
|
| 991 |
|
|
|b 200807
|
| 996 |
6 |
|
|b 2619614815
|c 3-0801.084
|l MZK
|r Sklad / do 1 hodiny
|n 0
|p náhrada
|w 000696956
|u 000010
|a 1
|e BOA001
|j MZK50
|s P
|
| 996 |
7 |
|
|b 3119826394
|c PK-0084.721
|l MZK
|r Sklad / do 1 hodiny
|n 1
|w 000696956
|u 000020
|a 1
|e BOA001
|j MZK50
|s A
|